000 01670nam a22006257a 4500
001 BR7907571
003 BR-BrBNA
005 20230928090257.0
007 ta
008 230509b bl.||||| |||| 00| 0 por d
040 _aBR-BrBNA
_bpor
_cBiblioteca Nacional de Agricultura
041 _a(Por)
072 _aE15; F00
_b/G514
090 _ E15 BR7907571
100 1 _aGutierrez, J.S.
110 1 _aSecretaria Nacional de Planejamento Agricola, Brasilia, DF (Brasil). Secretaria de Estatistica Agropecuaria
_99219
245 1 _aUm estudo comparativo das previsoes de safra e das projecoes dos principais produtos agricolas do Brasil para o ano de 1979 com datas de maio e de junho, 1979 [estatistica de producao]
260 3 _aBrasilia, DF (Brasil):
_c1979.
300 _a14 p.
500 _a7 tables; 6 ref.; Summary (Por)
650 _aABACAXI
650 _aALGODAO
650 _aAMENDOIM
650 _aARROZ
650 _aBANANA
650 _aBATATA INGLESA
650 _aCACAU
650 _aCAFE
650 _aCANA DE ACUCAR
650 _aCEBOLA
650 _aCOCO DA BAHIA
650 _aFEIJAO
650 _aFUMO
650 _aJUTA
650 _aMALVA
650 _aLARANJA
650 _aMAMONA
650 _aMANDIOCA
650 _aMILHO
650 _aPIMENTA DO REINO
650 _aSISAL
650 _aSOJA
650 _aTOMATE
650 _aTRIGO
650 _aUVA
650 _aALHO
650 _aAVEIA
650 _aCENTEIO
650 _aCEVADA
650 _aESTATISTICA DE PRODUCAO
650 _aSAFRA
650 _aPREVISAO DE SAFRA
909 _a202309
_bLucia
_c55
_dLucia Elande
942 _cBK
999 _c28284
_d28284